Представление документа в формате RUSMARC

ПолеНазваниеЗначение
  Тип записи a
  Библиографический уровень m
001 Контрольный номер RU/CBS_UL/BASE/d63d774efaae41a5b3efe3dde466d335
005 Дата корректировки 20260116082030.9
010 Индекс ISBN __
d Цена 76 р. 00 к.
9 Тираж экз.
100 Данные общей обработки __
a Данные общей обработки 20260116d 0rusy0189## ca
101 Язык документа 0_
a Язык текста rus
102 Страна публикации __
a Страна публикации RU
200 Заглавие и сведения об ответственности 1_
a Заглавие Льготы инвалидам
e Сведения, относящиеся к заглавию ответы на все вопросы
f Первые сведения об ответственности Л. А. Рощупкина
210 Выходные данные 1_
a Место издания Москва
c Издательство ЭКСМО
d Дата издания 2008
215 Физическое описание __
a Объем 126 с.
d Формат см.
225 Серия 2_
a Серия Что вам могут не сказать...
300 Общие примечания __
a Общие примечания 16+
300 Общие примечания __
a Общие примечания Под инв. номером 123778: 4-1, 12-1
606 Тематические рубрики 0_
a Основная рубрика Инвалиды - Льготы - Справочники
610 Ключевые слова 0_
a Ключевые слова социальная защита; инвалиды; права инвалидов; бесплатные лекарства; санаторно-курортное лечение; налоговые льготы
686 Индексы других классификаций __
2 Код системы rubbk
a Классификационный индекс 65.272
700 Автор _1
a Фамилия Рощупкина
b Имя (инициалы) Л. А.
g Полное личное имя Любовь Александровна
801 Источник записи _0
a Страна RU
b Организация МБУК ЦБС г. Ульяновска
c Дата составления 20260116
g Правила каталогизации RCR
801 Источник записи _1
a Страна RU
b Организация МБУК ЦБС г. Ульяновска
c Дата составления 20260116
g Правила каталогизации RCR
852 Данные о местонахождении __
i Авторский знак Р 81
j Шифр хранения 65.27
901 Тип документа __
t Тип документа m
909 Создатель записи __
a Создатель записи obr2
b Дата создания записи 20260116